| 000 | 00898nam a22001817a 4500 | ||
|---|---|---|---|
| 003 | OSt | ||
| 005 | 20260414071931.0 | ||
| 008 | 260414b |||||||| |||| 00| 0 eng d | ||
| 040 |
_aDWCL GS lib _cOC |
||
| 082 | _aFic. W684 2010 | ||
| 100 | _aPublishing Riley's | ||
| 245 |
_ariley's rbi fact or fiction? bureau of investigation: _bwings of fear _cRipley's Publishing |
||
| 260 |
_aUnited States _bRipley's Publishing _cc2010 |
||
| 300 |
_a125 _billustrations _c19cm |
||
| 520 | _aWings of Fear (Ripley RBI, No. 5) is a children's adventure novel published by Ripley Publishing in December 2011. It is part of the Ripley's Bureau of Investigation (RBI) series, which follows a team of teenagers with special gifts who travel the world investigating strange creatures and phenomena. | ||
| 700 | _aRipley's Publishing | ||
| 942 |
_2ddc _cFIC. _hFic. W684 2010 _n0 |
||
| 999 |
_c9404 _d9404 |
||